000 00499nam a2200181Ia 4500
005 20250425161231.0
008 250425s9999 xx 000 0 und d
041 _aspa
082 _a548
100 _aOLSACHER, JUAN
245 0 _aINTRODUCCIÓN A LA CRISTALOGRAFIA : LAS FORMAS DE LOS MINERALES. GENERALIDADES SOBRE SUS ESTRUCTURAS
250 _a1A ED.
260 _aArgentina
_bUNIVERSIDAD DE CÓRDOBA
_c1950
300 _a493
650 _aCRISTALOGRAFIA
942 _c01
010 _a15740
999 _c205097
_d205097